000 00813nam a2200229 a 4500
001 BRL_24
005 20190320210544.0
008 800904s1947 mx-a######---#000-0#spa-#
040 _aDLC
_cNTR
_dTxU
041 _aspa
044 _amx
050 4 _aND259.S5
_b.S48 1947
245 1 0 _a70 [i.e. Setenta] obras recientes de David Alfaro Siqueiros
_bexposición del Museo Nacional de Artes Plásticas, Departamento de Artes Plásticas.
260 _aMéxico
_bINBA
_c1947
300 _a122 p.
_bil.
_c29 cm.
500 _aAu372
500 _aPreparación del catálogo, organización y montaje de la exposición por el Departamento de Artes Plasticas.
500 _aEstado físico: encuadernado, enero 2013
600 1 4 _aSiqueiros, David Alfaro
_d1896-1974
_vExposiciones
_94894
902 _aGRL
942 _2lcc
_cB
999 _c8837
_d8837